LEADER 02004nam a2200265 i 4500 001 000000247436 003 CaOOAMICUS 005 20201015144905.0 008 160113s1677 it u000 u ita u 013 $a226341 026 $ao-io e.ua o-e, reep (3) 1677 (R) 040 $aSeMil$bita 100 1 $aAcami, Domenico,$d<1640-1695>.$0(OLS)http://semarc/name/82889 240 10$aVie du venerable serviteur de Dieu Vincent de Paul, ...$0(OLS)http://semarc/title/349423 245 10$aVita del ven. Servo di Dio Vincenzo De Paoli fondatore, e primo superior generale della Congregazione della Missione. Raccolta da quella, che già scrisse in lingua francese monsignor Ludovico Abelly vescovo di Rodez, e publicata nell'idioma italiano da Domenico Acami prete della Congregazione dell'Oratorio di Roma. 264 1$aIn Roma :$bNella Stamperia di Francesco Tizzoni,$c1677. 300 $a[12], 386, [2] p., [1] carta di tav. :$b ritr. ;$c4°. 500 $aStemma xilogr. di papa Innocenzo 11. sul front. - Segn. : §6 A-3A4 3B6. - Iniz., fregi xilogr. - A c. 2S1r inizia con occhietto: Breve notizia delle virtù di alcune persone, le quali con la direzione, e con i consigli di Vincenzo fecero progresso notabile nella vita spirituale. 700 1 $aAbelly, Louis ,$c.$0(OLS)http://semarc/name/832 700 1 $aTizzoni, Francesco,$c.$0(OLS)http://semarc/name/82704 850 $aSeMil 852 $aSeMil$W1$xVenegono$y1$m3J III 26 FA$j197782$B197782$CSeMilBibl$Z2$F208809 $8I 996 $6245$aVita del ven. Servo di Dio Vincenzo De Paoli fondatore, e primo superior generale della Congregazione della Missione. Raccolta da quella, che già scrisse in lingua francese monsignor Ludovico Abelly vescovo di Rodez, e publicata nell'idioma italiano da Domenico Acami prete della Congregazione dell'Oratorio di Roma$9(OLS)http://semarc/title/349422 996 $6264$aIn Roma :$bNella Stamperia di Francesco Tizzoni$9(OLS)http://semarc/publisher/55155 LEADER 00878nam a2200217 i 4500 001 000000223609 003 CaOOAMICUS 005 20131016000000.0 008 131016s1792 it u000 u fre u 013 $a202506 026 $aN.ET i.nt reit (3an (3) 1792 (A) 040 $aSeMil$bita 245 10$aTome 40. 300 $a[4], 432 p. 500 $aContiene : Politique et legislation; Ecrits pour les habitans du Mont-Jura et du pays de gex; Traite sur la tolerance a l'occasion de la mort de Jean Calas. 773 0 $aVoltaire <1694-1778>$tOeuvres completes de m. de Voltaire. Tome 1. [-100.].$dA Lyon : Chez J. B. Delamollière, 1791-1792.$g40$w()28886 850 $aSeMil 852 $aSeMil$W1$xVenegono$y1$m2Q I 120 FA$j173955$B173955$CSeMilBibl$Z2$F184222 $8I 941 1 $a10 961 $aRecupero: Mantegazza 996 $6245$aTome 40$9(OLS)http://semarc/title/320617